000 00388nam a2200169Ia 4500
001 23751
003 IN-NITTTR
005 20251114233306.0
008 251113s9999||||xx |||||||||||||| ||eng||
040 _beng
040 _cIN-NITTTR
041 _aeng
082 _a778.59 B79C
100 _aBrookes, Keith
245 4 _aThe complete video course. /
_cBrookes, Keith
942 _2ddc
_cBK
999 _c26380
_d26380